| 000 | 00561nam a22002177a 4500 | ||
|---|---|---|---|
| 003 | UA-OsUOA | ||
| 001 | 33081 | ||
| 007 | ta | ||
| 008 | 20050310b un ||||| |||| 00| 0 ukr d | ||
| 090 |
_a94(477.85) _bТ73 |
||
| 942 | _cBK | ||
| 040 |
_aUA-OsUOA _bukr _cUA-OsUOA _dUA-OsUOA |
||
| 245 |
_aІсторія міст і сіл Української РСР. Чернівецька область _cРед. В. М.Курило |
||
| 955 | _a0 | ||
| 041 | _aukr | ||
| 080 | _a94(477.85) | ||
| 044 | _aUA | ||
| 250 | _n704 | ||
| 650 | 7 | _2UDC | |
| 999 |
_c319538 _d319538 |
||